Niewykonalny Quiz o Białoruś - Statystyki

Ogólne statystyki
  • Ten quiz został rozwiązany 213 razy
  • Średni wynik to 6 z 14
Statystyki odpowiedzi
Odpowiedź % Poprawnych
Stolica: Mińsk
98%
Religia doominująca: prawosławie
63%
Odzyskanie niepodległości: 1991
62%
Pełna nazwa: Republika Białorusi
60%
Waluta: Rubel Białoruski
51%
Trzecie największe miasto: Grodno
45%
Prezydent: Aleksandr Łukaszenka
39%
Podział administracyjny: Obwody
36%
Najdłuższa rzeka: Dniepr
32%
Drugie największe miasto: Homel
29%
Ustrój: Autorytaryzm
21%
Liczba ludności (zaok. mil.): 9,5
16%
Powierzchnia (zao.): 207
12%
Najwyższy szczyt: Góra Dzierżyńska
5%
Nie znaleziono quizów pasujących do podanych kryteriów
Rozkład punktacji
Procent ludzi z każdym wynikiem
Percentyl według liczby udzielonych odpowiedzi
Twoja historia wyników
Nie rozwiązałeś tego quizu